000 00809nam a2200217Ia 4500
005 20241129111511.0
008 241129s9999||||xx |||||||||||||| ||und||
020 _a978-81-7555-871-7
037 _aTB
040 _aCRL
_bhin
_cCRL
041 _ahin
_2hin
084 _aO152,1J32,11:g Q9
_qCRL
100 _aबृजबाला सिंह, संपा.
245 0 _aरामचरित मानस में निहित मानव - मूल्य
_cबृजबाला सिंह, संपा.
260 _aदिल्ली, भारत
_bयूनिवर्सिटी पब्लिकेशन
_c2019
300 _a223पृ0
365 _aINR
_b1100
650 _aHindi literaturePoetry
942 _cTB
_hO152,1J32,11:g Q9
999 _c1230739
_d1230739